| 000 | 00654nam a2200217Ia 4500 | ||
|---|---|---|---|
| 005 | 20250508165204.0 | ||
| 008 | 008 250505s9999 xx 000 0 eng d | ||
| 020 | _a978-0-521-60119-1 | ||
| 037 | _aTextual | ||
| 040 |
_aFEDL _beng _cFEDL |
||
| 041 |
_aeng _2eng |
||
| 084 |
_a375.42, BUR _qFEDL |
||
| 100 |
_aBurns Anne _9776499 |
||
| 245 | 0 | _aCollaborative action research for english language teachers | |
| 260 |
_aNew Delhi, India _bCambridge University Press _c2010 |
||
| 300 | _aix, 259p. | ||
| 365 |
_aINR _b295 |
||
| 490 | _aCambridge Language Teaching Library | ||
| 942 |
_cTEXL _h375.42, BUR |
||
| 999 |
_c1393671 _d1393671 |
||